[Event "Club Championship"]
[Site "?"]
[Date "2025.04.24"]
[Round "Rd 5"]
[White "Van Kemenade, J."]
[Black "Van Kemenade, R."]
[Result "1-0"]
[Annotator "Rudy Van kemenade"]
[WhiteElo "1681"]
[BlackElo "1951"]
[PlyCount "65"]
[GameId "2171535974748191"]
[EventDate "2025.04.28"]
[SourceVersionDate "2025.04.25"]

{[%evp 0,52,17,22,33,-2,22,-19,22,-7,26,8,10,6,0,-9,12,-1,45,16,65,67,93,125,90,101,146,106,102,69,127,113,141,114,271,55,65,115,139,73,133,-134,35,77,85,107,99,101,63,-53,-310,-73,-139,-73,-81]} 1. e4 g6 2. f4 Bg7 3. Bc4 d6 4. Nf3 a6 (4... Nf6 5. d3 O-O 6. O-O c6 7. Nc3 b5 8. Bb3 a5 9. a4 Qb6+ 10. Kh1 b4 11. Ne2 Ba6 12. h3 Nbd7 13. Rb1 Rac8 14. f5 c5 15. Be3 Qc7 16. Nf4 c4 17. Ba2 b3 18. cxb3 cxd3 19. Rc1 Qb7 20. Qd2 Nxe4 21. Qxa5 Ng3+ 22. Kh2 Nxf1+ 23. Rxf1 Bxb2 24. fxg6 hxg6 25. Qg5 Bf6 26. Qg4 Ne5 27. Nxe5 Bxe5 28. Bd4 Qe4 29. Bxe5 dxe5 30. Re1 Qxf4+ {0-1 Van Kemenade,J (1736)-Pinto,C (2052) Tom Weston Major op Cardiff 2015 (5)}) 5. c3 (5. a4 Nd7 6. Bxf7+ $18 Kxf7 7. Ng5+ Ke8 8. Ne6) 5... b5 6. Bb3 Bb7 (6... c5 7. d3 Nc6 8. O-O Nf6 9. e5 dxe5 10. Nxe5 Nxe5 11. fxe5 Nd5 12. Qf3 Be6 13. Be3 Rc8 14. d4 c4 15. Bc2 Nxe3 16. Qxe3 O-O 17. Nd2 Qb6 18. Rae1 a5 19. a3 b4 20. axb4 axb4 21. Be4 Rcd8 22. Nf3 Bd5 23. Bxd5 Rxd5 24. Nd2 Qc7 25. Qf3 Ra5 26. cxb4 Rb5 27. Qc3 Qb7 28. b3 cxb3 29. Nxb3 Rxb4 30. Nc5 Qb5 31. Rd1 Bxe5 32. Nd7 Rc4 33. Qe3 Bxh2+ 34. Kxh2 Qxd7 35. d5 Qd6+ {0-1 Djikerian,R (1833)-Abdulaziz,M (2108) Beirut op 10th 2019 (3)}) 7. d3 Nd7 (7... e6 8. O-O Nf6 9. e5 Nd5 10. Qe1 O-O 11. Nbd2 Nxf4 12. d4 Nd3 13. Qe2 Nxc1 14. Raxc1 Nd7 15. Ne4 dxe5 16. dxe5 Qe7 17. Nf6+ Nxf6 18. exf6 Bxf6 19. Qe3 Bg7 20. Rce1 Rad8 21. Ne5 Bd5 22. Qh3 Bxb3 23. axb3 Qc5+ 24. Qe3 Qxe5 25. Qxe5 Bxe5 26. Rxe5 Rd2 27. Rf2 Rfd8 28. Rc5 Rxf2 29. Kxf2 Rd2+ {0-1 Medda,C-Gagliardi,C (2119) Lugano op 2006 (3)}) 8. O-O (8. Bxf7+ Kxf7 9. Ng5+ Ke8 10. Ne6 Qb8 {Q escapes} 11. Nxg7+ Kf7 {and N is trapped}) 8... Nc5 (8... Ngf6 9. Qe1 O-O 10. f5 gxf5 11. exf5 Ne5 12. Nxe5 dxe5 13. Bc2 Qd5 14. Qe2 Kh8 $11 {SF17.1}) 9. Bc2 f5 $2 {Bl was trying for an unbalanced position, but this move is far too weakening} 10. Nbd2 (10. exf5 gxf5 11. Nbd2 Nf6 12. d4 Nce4 13. Ng5 Qd7 14. Ndxe4 fxe4 15. Bb3 d5 16. f5 O-O 17. Ne6 Rf7 18. Qe1 $18 {SF17.1}) 10... fxe4 $6 {this still allows Wh to play f5, which Bl's f5 was meant to prevent} (10... Nh6 11. Ng5 Qd7 12. Nb3 Nxb3 13. Bxb3 d5 14. exf5 Nxf5 15. Qe2 Bf6 16. Ne6 h5 17. d4 Qd6 18. Bd2 Rb8 19. Rae1 Bh4 20. Rd1 Bc8 21. Ng5 O-O 22. g3 Bxg5 23. fxg5 Qe6 24. Qg2 Bb7 25. Rde1 Qd7 26. Re5 e6 27. Bc2 $18 {SF17.1, though it will take a while for Wh to engineer a breakthrough}) 11. Nxe4 $1 Nxe4 12. dxe4 e6 {after some thought} (12... c5 13. Ng5 Qd7 14. Qe2 h6 15. Nf3 e6 $18 {is a better sequence though still winning for Wh according to SF17.1}) 13. Qe1 (13. Ng5 Qd7 14. Bb3 {is immediately winning, as against the intended} d5 15. exd5 Bxd5 {Wh has various ways of winning} 16. f5 $18 (16. Nxe6 Bxe6 17. Bxe6 Qxd1 18. Rxd1 $18) (16. Bxd5 Qxd5 17. Nxe6 $1 Qxd1 18. Rxd1 Kf7 19. Nxc7 $18) 16... gxf5 17. Bxd5 exd5 18. Re1+ Kd8 19. Ne6+ Kc8 20. Nxg7 Qxg7 21. Qxd5) 13... Qe7 14. Be3 {Wh is in no rush, just developing} (14. f5 {expected now by Bl, when} O-O-O 15. fxg6 hxg6 16. a4 Nh6 17. axb5 axb5 18. Qe2 c6 19. Bg5 Bf6 20. Bxf6 Qxf6 21. e5 Qg7 22. exd6 Rxd6 23. Rad1 Rxd1 24. Rxd1 Re8 25. Ne5 Nf5 26. Bb3 $18 {The Bl pawnstructure is far too weak and the Bl pieces lack activity}) 14... c5 15. Rd1 Nh6 16. f5 O-O (16... Nf7 17. fxg6 hxg6 18. e5 $18 {SF17.1}) 17. Qd2 (17. fxg6 hxg6 18. Qg3 $18 {SF17.1- wins a pawn}) 17... Nf7 18. fxg6 hxg6 19. Ng5 Be5 (19... Ne5 20. Bf4 Nc4 21. Qf2 Be5 22. Qh4 Bxf4 23. Rxf4 Rxf4 24. Qxf4 Rf8 25. Qg3 Ne5 $16 {Bl has survived the worst and can hope for some compensation from the blocking out of Wh's B}) 20. Nxf7 (20. Nf3 $1 $18 {SF17.1} Bf6 21. Qe1 Ne5 22. Qg3 Kh7 23. Qh3+ Kg8 24. Nxe5 Bxe5 25. Qg4 Kh7 26. Bg5 Qd7 27. Qh4+ Kg8 28. Be7 Rxf1+ 29. Rxf1 Re8 30. Bf6 Qh7 31. Qxh7+ Kxh7 32. Bxe5 dxe5 33. Rf7+ $18 {SF17.1}) 20... Rxf7 21. Bg5 Qd7 (21... Rxf1+ 22. Rxf1 Qg7 23. Rf3 Bc6 24. Bf4 Ra7 25. Bxe5 Qxe5 26. Rg3 Be8 27. Rg5 Qf6 28. e5 dxe5 29. h3 Kg7 30. Rg4 Rd7 31. Qe1 $14 {SF17.1}) 22. Bh6 (22. Bf4 $18 {SF17.1} Bxf4 23. Rxf4 Rxf4 24. Qxf4 Rd8 25. Qf6 Qe8 26. e5 $18 {SF17.1}) 22... Qe7 23. Bg5 (23. Rxf7 Qxf7 24. Qg5 Kh8 25. Rd2 Bc6 26. Rf2 Qh7 27. Rf3 c4 28. Qg4 $1 Re8 29. Bf4 Qg7 30. Bxe5 dxe5 31. b3 $18 {SF17.1}) 23... Qf8 24. Bh6 $2 (24. Qd3 Bc6 25. Qh3 Bd7 26. Bh6 Qe7 27. Qg4 Be8 28. Rf3 c4 29. Rdf1 Rxf3 30. Rxf3 Bf7 31. h4 Kh7 32. Bg5 Qf8 33. Bf6 Ra7 34. Bd1 Qh6 35. Bxe5 dxe5 36. b3 $14) 24... Rxf1+ 25. Rxf1 Bxh2+ 26. Kxh2 Qxf1 $19 27. Qg5 (27. Qxd6 Qf6 28. Qg3 e5 $19 {SF17.1}) 27... Qf7 (27... Kh7 28. Qh4 (28. e5 Qxg2+ 29. Qxg2 Bxg2 $19) 28... Rh8 $1 {SF17.1}) 28. e5 Kh7 (28... dxe5 29. Qxe5 (29. Bxg6 Qf4+ $19) 29... Rd8 30. Be3 (30. Qxc5 Rd5 31. Qe3 g5 32. Kg1 Qf6 $19) 30... Rd5 31. Qg3 e5 32. Bxg6 Qg7 $19 {SF17.1}) 29. exd6 $11 {Bl has won an exchange, but it is quite a difficult position now} e5 (29... Bc6 30. Kg1 e5 31. Qh4 Rh8 32. Be4 Bxe4 33. Bg5+ Kg7 34. Qxe4 Re8 35. Qh4 Re6 36. Qh6+ Kg8 37. Be7 $11) 30. d7 Qf4+ $2 (30... e4 31. d8=Q Rxd8 32. Qxd8 Kxh6 33. Qh8+ Kg5 34. Qe5+ Qf5 35. Qe7+ Kh6 (35... Kg4 36. Bd1+ Kf4 37. Qxb7 Ke3 38. Qc7 Kd2 39. Qd6+ Kc1 40. Be2 Qg5 41. Kg1 Kxb2 $11 {SF17.1}) 36. Qxb7 Qf4+ 37. Kg1 Qc1+ 38. Kh2 Qxc2 39. Qe7 $11) 31. Kh3 $2 (31. Qxf4 exf4 32. Bg5 $1 $18) 31... Bc6 $2 {Bl had now seen the flaw in Qf4ch and now planned to answer Q xf4 with an intermediate ch, entirely forgetting about the real threat (even so, the pawn could still advance to Q)} (31... Qf7 32. d8=Q Rxd8 33. Qxd8 Kxh6 (33... Qf2 34. Qd2 Bc8+ 35. g4 Qf3+ 36. Kh2 Bb7 37. Be3 Qxg4 $11 {is an Engine line few players would venture down}) 34. Qh8+ Qh7 35. Qxe5 Qd7+ 36. g4 Qd8 37. Qf4+ Kg7 38. Qe5+ Kf7 39. Qf4+ $11 (39. Qxc5 Qh8+ 40. Kg3 Qb8+)) 32. Qxg6+ Kh8 33. Qg7# 1-0

[Event "Club Championship"]
[Site "?"]
[Date "2025.04.24"]
[Round "Rd 5"]
[White "Sadler, Paul"]
[Black "Loe, Alex"]
[Result "0-1"]
[Annotator "Rudy Van kemenade"]
[WhiteElo "1566"]
[BlackElo "1455"]
[PlyCount "123"]
[GameId "2170317068214303"]
[EventDate "2025.04.28"]
[SourceVersionDate "2025.04.25"]

{[%evp 0,123,17,22,-12,16,32,27,27,21,36,33,32,32,58,65,65,63,61,62,65,68,70,59,87,81,-20,81,90,92,112,66,76,99,120,142,138,67,153,172,81,132,283,300,113,143,149,138,131,145,137,147,144,147,186,91,165,179,211,187,200,202,223,156,250,147,149,150,135,21,73,73,19,74,73,70,166,101,101,-15,-79,-1,-79,-1,-1,-1,32,-1,-1,-1,-1,-324,-305,-318,-335,-284,-362,-265,-304,-236,-250,-310,-277,-223,-268,-328,-302,-272,-266,-412,-487,-487,-474,-589,-690,-478,-755,-776,-463,-1270,-1220,-1439,-1436,-1462,-1522,-29975]} 1. e4 e5 2. Nf3 Nf6 3. Nxe5 d6 4. Nf3 Nxe4 5. d4 Bg4 (5... d5 {main}) 6. Bd3 Nf6 7. O-O Nc6 (7... Be7) 8. c3 Be7 9. Bg5 h6 10. Bxf6 (10. Be3 O-O 11. Nbd2 d5 {Sarkozy-Wehhofer, Frankfurt Ch 2008, 0-1}) 10... Bxf6 11. Re1+ Be7 12. Nbd2 (12. h3 Bh5 13. Nbd2 Qd7 14. Bb5 a6 15. Ba4 O-O 16. d5 {Petauer-Straze. Sentjur Ipavec Memorial 2010,1-0}) 12... O-O 13. Qb3 b6 $2 {weakens the wh squares} (13... Rb8 14. Re3 $16 {SF17.1}) 14. Be4 (14. Qd5 Bd7 15. Qe4 f5 (15... g6 16. Bb5 $18) 16. Qd5+ Kh7 17. Bb5 Qe8 18. Qc4 Ne5 (18... Na5 19. Qxc7 Bxb5 20. Qxe7 $18) 19. dxe5 Bxb5 20. Qxc7 Qd8 21. Qxd8 Rfxd8 22. Nd4 Ba4 23. e6 g6 24. Nf1 $18 {SF17.1}) 14... Na5 (14... Bd7 15. Nf1 Rb8 16. Ng3 $16 {SF17.1}) 15. Qa4 (15. Qb5 c6 (15... Bd7 16. Qe2 c6 17. Bc2 Re8 18. Qe4 g6 19. Qf4 Bf8 20. h4 $18) 16. Bxc6 a6 17. Qd5 Nxc6 18. Qxc6 Bd7 19. Qe4 Re8 20. d5 $16 {SF17.1}) 15... Rb8 (15... d5 16. Bd3 Bd7 17. Qc2 c5 18. Rad1 $14 {Sf17.1}) 16. b4 (16. d5 $16 {SF17.1}) 16... d5 (16... Bd7 17. Qc2 Nc6 18. Nf1 Bf6 19. Ng3 g6 20. h4 $16 {SF17.1} Bxh4 21. b5 Na5 22. Bxg6 Bxg3 23. fxg3 Qf6 (23... fxg6 24. Qxg6+ Kh8 25. Qxh6+ Kg8 26. Qg6+ Kh8 27. Kf2 $18) 24. Bh7+ Kh8 25. Bd3 $18 {SF17.1}) 17. Bxd5 (17. Ne5 $1 Bg5 18. Bb1 Bxd2 19. Qc2 f5 20. Qxd2 Nc4 21. Qd3 Nxe5 22. dxe5 c6 23. b5 $18 {SF17.1 most players would just take the pawn on d5}) 17... Qxd5 18. Rxe7 $18 Qd6 19. Rae1 Nb7 20. Re8 (20. R7e3 {SF17.1} Be6 21. c4 Bd7 22. Qb3 Rfe8 23. Ne4 Qf8 24. Ne5 Re7 25. c5 $18) 20... Ra8 21. Rxa8 Rxa8 22. Re8+ (22. Qa6 Bxf3 23. Nxf3 Rb8 24. h3 $18 {SF17.1}) 22... Rxe8 23. Qxe8+ Qf8 24. Qe4 Bxf3 25. Nxf3 Nd6 26. Qc6 Qc8 27. h3 {Wh is a sound pawn up, so the win should just be a matter of time to gradually advance the Q side pawns.} f6 28. Nh4 (28. d5 Qb7 29. Qxb7 Nxb7 30. Nd4 Nd6 31. Kf1 Ne4 32. c4 Nd2+ 33. Ke2 Nxc4 34. Nb5 {SF17.1- Wh regains the pawn and has managed to bring the K into the game well before Bl}) 28... Qb7 (28... Kf7 29. a4 g5 30. Nf3 Nf5 {SF17.1-keeping Qs on is a better chance of survival as it stops the Wh K from getting active}) 29. Qxb7 Nxb7 30. Nf5 Kf7 31. g4 {these pawns should be kept back, as Wh's advantage lies on the other side.} (31. Kf1 {The K needs to go to the centre to support the advance of the extra pawn}) 31... g6 32. Ne3 (32. Nxh6+ Kg7 33. g5 f5 34. d5 Nd6 $11 {as the Wh N is out of the game}) 32... Ke6 33. Kg2 (33. Kf1) 33... Nd6 34. f4 (34. c4 {was needed to keep the Bl N out of the centre} Ne4 35. b5 Nc3 36. Kf3 Nxa2 37. Nd5 Kd6 38. Nxf6 Nb4 39. Ne4+ Ke7 40. Nc3 c6 41. Ke4 $18 {and with a centralised K Wh has a much easier time converting}) 34... Nb5 35. d5+ Kd6 36. c4 Nc3 $11 37. a3 a6 (37... Ne2 38. Kf3 (38. f5 g5 $11) 38... Ng1+ 39. Kg3 Ne2+ {SF17.1- repetition}) 38. Kf3 Nb1 39. Nc2 (39. Ke4 $1 Nxa3 40. f5 g5 41. Kd4 $18 Nb1 42. c5+ Ke7 43. Nc4 b5 44. Na5 Nd2 45. Ke3 Nf1+ 46. Ke2 Ng3+ 47. Kf3 Nf1 48. Nb3 {and the Bl N is lost}) (39. h4 {SF17.1 sacrifices an outside pawn in order t o break through on the other side.} Nxa3 40. h5 gxh5 41. gxh5 a5 42. c5+ bxc5 43. bxa5 c6 44. a6 Nb5 45. Nf5+ Kxd5 46. Nxh6) 39... Nd2+ 40. Ke3 Nxc4+ 41. Kd4 b5 $11 42. h4 (42. a4 {releases the Wh N from guard duty}) 42... f5 43. g5 h5 44. a4 Nd2 45. Ne1 $2 {worried about the Nf3 ch , Wh loses it on the Q side} (45. axb5 axb5 46. Na3 (46. Ke3 Ne4 47. Kd4 Ng3 48. Na3 Ne2+ 49. Ke3 Nc3 50. Kd4 Nxd5 51. Nxb5+ Ke6 52. Kc5 Nxf4 53. Nxc7+ Kd7 54. Na6 (54. Nd5 Nxd5 55. Kxd5 Kc7 56. Kc5 Kb7 57. Kb5 (57. Kd5 Kb6 58. Ke5 Kb5 59. Kf6 f4 60. Kxg6 f3 61. Kh7 f2 62. g6 f1=Q 63. g7 Qf7 64. Kh8 {also draws}) 57... Ka7 58. Kc5 {Wh keeps the opposition}) 54... Ne6+ 55. Kc4 $11) 46... Nf3+ 47. Ke3 Nxh4 48. Nxb5+ {a better continuation. as noted by Wh in an afterthought} Kxd5 49. Nxc7+ Kc6 50. Ne6 Ng2+ (50... Kb5 51. Kf2 $18) 51. Kf3 Ne1+ 52. Kg3 Nd3 53. Nf8 h4+ 54. Kf3 Ne1+ 55. Kf2 (55. Ke2 h3 $19) 55... Nd3+ $11 {SF17.1- N endings can often be very tricky with their changes of direction}) 45... bxa4 $19 46. Kc3 Ne4+ 47. Kc4 Nd2+ 48. Kc3 Ne4+ 49. Kc4 a3 (49... Ng3 50. Nd3 Ne2 $19) 50. Kb3 a2 (50... Nf2 51. Kxa3 Kxd5 $19) 51. Kxa2 Kxd5 52. Nd3 Nc3+ 53. Kb3 Ne2 54. Ka4 Kd4 55. Nc5 Nxf4 56. Nxa6 Nd5 57. Nc5 f4 58. Ne6+ Ke3 59. Nf8 f3 60. Nxg6 f2 61. Ne5 f1=Q 62. g6 0-1

[Event "Club Championship"]
[Site "Oswestry"]
[Date "2025.04.03"]
[Round "Rd 5"]
[White "Grice, Keith"]
[Black "Slegg, Gary"]
[Result "1/2-1/2"]
[Annotator "Slegg,Gary"]
[WhiteElo "1442"]
[BlackElo "1521"]
[PlyCount "52"]
[GameId "2162804020936717"]
[EventDate "2025.??.??"]

{[%evp 9,52,-27,-23,-22,23,5,17,24,36,36,25,11,123,40,46,48,214,194,254,179,321,318,477,348,349,177,268,43,68,42,93,-155,-138,-162,-148,-168,-3,-19,1,1,1,1,1,0,29] A23: English Opening: 1...e5 2 Nc3 Nf6 3 g3 c6} 1. c4 e5 2. g3 Nf6 3. Bg2 c6 4. Nc3 Bb4 5. e3 d5 6. cxd5 Bxc3 {[%eval 23,22]} (6... cxd5 $142 {[%eval -22,21]} 7. Qb3 (7. d4 e4 8. Nge2 O-O 9. O-O Nc6 10. h3 Be6 11. Nf4 Rc8 12. Bd2 Na5 13. a3 Bd6 14. Nxe6 fxe6 15. Ne2 Nc4 16. Bc3 Bxg3 17. Nxg3 Qc7 18. Qe2 Nd7 19. b3 Nxe3 20. Qxe3 Qxc3 21. Rac1 Qb2 {Sierra Pena,M (1273)-Marcos Rodriguez,R (1656) Salobrena 2022 0-1 (62)}) 7... Bxc3 8. bxc3 O-O {I have no idea why I didn't play this, this is clearly much better than what I played}) (6... cxd5 {I was worried about} 7. Qa4+ {however} Nc6 {solves the problem}) 7. bxc3 cxd5 8. Ba3 {[%cal Oc3c4] I had seen this move, but didn't think it would be a big problem to deal with - how wrong was I! I begun to wish I'd castled earlier} (8. Ne2 O-O 9. O-O Nc6 10. d4 e4 11. Ba3 Re8 12. Qc2 Bg4 13. c4 Bf5 14. cxd5 Nxd5 15. Rfc1 Rc8 16. Qb2 Qd7 17. Nc3 Nxc3 18. Rxc3 Bh3 19. Rac1 Bxg2 20. Kxg2 Ne7 21. Bxe7 Qxe7 22. Rxc8 Kf8 {Lau,Y-White,D Tornelo INT 2021 1-0}) 8... Nc6 9. Nf3 $146 (9. Ne2 Bf5 10. d3 Qa5 11. Qb3 O-O-O 12. Rb1 Qa6 13. e4 dxe4 14. dxe4 Bxe4 15. Bxe4 Nxe4 16. Qxf7 Rd2 17. Qf5+ Kb8 18. Qxe4 Rxa2 19. Bb2 Rf8 20. O-O Ra4 21. Qc2 Rg4 22. Qd1 h5 23. Qd6+ {1-0 (23) Bruil,R (1811)-Marchesich,G (1438) Porec 2015}) 9... Bf5 10. d4 Ne4 {[%eval 123,21]} (10... Qa5 $11 {[%eval 11,21] remains equal.} 11. Qb3 exd4) 11. Rc1 {[%eval 40,22]} ({Better is} 11. O-O $16 {[%eval 123,21]}) 11... Qa5 $14 {[%csl Ba3,Bc3]} 12. Qb3 {Black must now prevent 0-0.} Rb8 $2 {[%eval 214,22] Annoyingly I invested an awful lot of time in this move, I didn't want to play it, but I thought I had to defend the pawn or my Queenside Knight would drop, however, if he take b7 his Queen gets trapped - see below} (12... exd4 $1 $14 {[%eval 48,21]} 13. Bb4 (13. Qxb7 $2 Rb8 $19 14. Qxc6+ Bd7 15. Bb4 Qxa2 16. Qxd7+) 13... Qc7) 13. O-O $18 (13. Nxe5 $6 Nxe5 14. dxe5 Rc8 $16) (13. dxe5 $6 Nc5 14. Bxc5 Qxc5 $16) 13... Bg4 {[%eval 254,23]} (13... h5 $142 {[%eval 194,23]} 14. Rfd1 (14. Nxe5 Nxe5 15. Bb4 Qb5 $16) (14. dxe5 Nc5 $18) 14... Bg4 15. dxe5 Nc5 16. Bxc5 (16. Qxd5 $2 Qxa3 17. h3 Rd8 $19) 16... Qxc5 17. Rxd5 Qe7) 14. Rc2 ({Don't do} 14. Nxe5 $6 Nxe5 15. Bxe4 (15. dxe5 Nd2 $16) 15... dxe4 $18) (14. dxe5 Bxf3 15. Bb4 (15. Bxf3 $2 Nd2 $19) 15... Nd2 $11) 14... exd4 {[%eval 321,23]} (14... Be6 {[%eval 179,22] might work better.} 15. Nxe5 (15. dxe5 Nc5 $16) 15... Nxe5) 15. Nxd4 Nxd4 {[%eval 477,26]} (15... Nc5 $142 {[%eval 318,24]} 16. Qxd5 Qxa3) 16. exd4 Be6 17. Qb2 {[%eval 177,24]} (17. c4 $142 {[%eval 349,24] cxd5 is the strong threat.} dxc4 18. Qe3) 17... Kd7 {[%eval 268,22]} (17... b5 $142 {[%eval 177,24]} 18. f3 Nf6) 18. f3 $2 {[%eval 43,22]} (18. c4 $1 $18 {[%eval 268,22][%cal Rc4d5]} Qb6 19. Qc1) 18... Nd6 $14 19. Bxd6 Kxd6 {[#]} 20. Qb4+ $2 {[%eval -155,20]} (20. f4 $1 $16 {[%eval 93,20][%cal Rf4f5] And now f5 would win.} g6 21. c4) 20... Qxb4 $17 21. cxb4 Rhc8 22. Rfc1 {[#]} Rxc2 $2 {[%eval -3,23] I didn't give this move any thought at all} (22... Rc4 $1 $19 {[%eval -168,25]} 23. a3 Rbc8 24. Rxc4 dxc4) 23. Rxc2 $11 {The position is equal.} Rc8 24. Rxc8 {White offered a draw} Bxc8 25. Kf2 Kc6 26. Bf1 b5 {Weighted Error Value: White=0.67/Black=0.63 Black offered a draw} 1/2-1/2